00289nam a2200133Ia 4500003000400000005001700004008004100021020001800062040001700080100001500097245002600112260000800138260000900146OSt20240314164351.0170524s9999 xx 000 0 und d a9788123908601 cIIMTU MEERUT aBlum- M.L. 0aIndustrial Psychology bCBS c1984